| 000 | 00694nam a2200229Ia 4500 | ||
|---|---|---|---|
| 001 | 8537 | ||
| 003 | GE_BSU | ||
| 008 | 181216s||||||||xx |||||||||||||| ||und|| | ||
| 040 | _cGE_BSU | ||
| 080 | _a821.353.1-1 | ||
| 100 | _aვარშანიძე,მამია. | ||
| 245 | _aჩემი ტაძარი. | ||
| 245 | _bლექსები. | ||
| 245 | _cრედ:ა.შონია;მხატვ:რ.ცუხიშვილი. | ||
| 260 | _aბათუმი. | ||
| 260 | _bაჭარა. | ||
| 260 | _c1960. | ||
| 300 | _a507გვ;1ფ.პორტრ.20სმ. | ||
| 653 | _aლექსები. | ||
| 653 | _aჩემი ტაძარი. | ||
| 942 | _cBK | ||
| 999 |
_c41854 _d41854 |
||